000 00736nam a2200241Ia 4500
003 OSt
005 20220923211535.0
006 a|||||r|||| 00| 0
007 ta
008 Pun
020 _a9789382455165 (hbk)
_c250
024 _a280,742
037 _b804, 09/03/2014, H.K. Prakashan
_cTextual
040 _aARTS
_cARTS
_bPun
041 _2Pun
_aPun
082 _aO41,1x, 153Q3
100 _aਇੰਦੇ, ੳਗ.
_9159534
245 0 _aਪੁਰਾਤਨ ਚੀਨੀ ਕਾਵਿ
260 _aਦਿਲੀ
_b ਪੰਜਾਬੀ ਅਕਾਦਮ੍ਰੀ
_c2013
300 _a133ਪੰ
_ccm.
942 _hO41,1x, 153Q3
_cTEXL
_2CC
999 _c300589
_d300589